000
00260nam a22000977a 4500
999
_c
11255
_d
11255
008
181204b ||||| |||| 00| 0 eng d
020
_a
9789350293478
100
_a
Abdul Kalam
_9
7003
245
_a
Turning Points
260
_a
India
_b
Harper Collins Publications
_c
2012